000 00820nam a2200241 i 4500
001 6193
003 ES-MaACL
005 20230906144828.0
008 890825s1989 sp ||||0| spa d
020 _a84-7658-137-8
080 _a165.62
100 1 _aGómez-Heras, José María G.
_957978
245 1 3 _aEl apriori del mundo de la vida :
_bfundamentación fenomenológica de una ética de la ciencia y de la técnica /
_cJosé Mª G. Gómez-Heras.
250 _a1ª ed.
260 _aBarcelona :
_bAnthropos,
_c1989.
300 _a382 p. ;
_c20 cm.
490 1 _aAutores, textos y temas. Filosofía ;
_v21
504 _aBibliografía: p. 363-380.
650 4 _aCiencia-
_xFilosofía.
_910950
830 1 _aAutores, textos y temas. Filosofía ;
_v21
_9177263
852 4 _aES-MaACL
_jL-13272
999 _c6193
_d6193